000 01236nam a2200229Ia 4500
003 OSt
005 20210916134326.0
008 210310s1995 ck gr 000 0 spa d
040 _aCO-JMCR
_cCO-JMCR
041 _aspa
082 0 4 _a338.47 /
_bM533p
_223
110 2 _aSeminario Internacional
_940563
245 1 0 _aParticipación de capital publico y privado en las empresas del sector eléctrico /
_cSeminario Internacional, Empresa de Energía de Bogotá
260 _aBogotá :
_bLínea viva,
_c1996
300 _a137 páginas ;
_c24 cm.
505 0 _aLa inversión de capital en el sector eléctrico colombiano. -- Una nueva política energética: el futuro en manos del capital privado. -- El estado colombiano: de prestador del servicio a regular. -- ¿Por qué invertir en Colombia?. -- La internacionalización argentina. -- La privatización en chile. -- Federación de luz y fuerza. -- La experiencia de privatización en Colombia. -- Una alianza estratégica en Barranquilla. --
650 1 4 _aPrivatización de capital
_940564
650 2 4 _aSector eléctrico
_xcapitalización
_940565
650 2 4 _aCapital público
_xenergía
_940566
710 1 _aEmpresa de Energía de Bogotá
_eautor
_940567
942 _2ddc
_cBK
999 _c12486
_d12486